Administration et Processus de Décision
Gespeichert in:
| 1. Verfasser: | |
|---|---|
| Format: | Buch |
| Sprache: | Französisch |
| Veröffentlicht: |
Paris
Economica
1983
|
| Ausgabe: | 1. éd. |
| Tags: |
Keine Tags, Fügen Sie das erste Tag hinzu!
|
MARC
| LEADER | 00000nam a2200000 4500 | ||
|---|---|---|---|
| 001 | c021500 | ||
| 005 | 20221220090426.1 | ||
| 041 | 0 | |a fre | |
| 044 | |a FR | ||
| 245 | 1 | 0 | |a Administration et Processus de Décision |c Herbert A. Simon |
| 250 | |a 1. éd. | ||
| 264 | 1 | |a Paris |b Economica |c 1983 | |
| 300 | |a 321 s. | ||
| 100 | 1 | |a Simon, Herbert A. | |